Memorias de la Real Academia de Ciencias (Record no. 173672)

MARC details
000 -LEADER
campo de control de longitud fija 00701nam a2200193 i 4500
001 - NÚMERO DE CONTROL
campo de control 173672
003 - IDENTIFICADOR DE NÚMERO DE CONTROL
campo de control ES-MaACL
005 - FECHA Y HORA DE LA ÚLTIMA TRANSACCIÓN
campo de control 20230906215317.0
007 - CAMPO FIJO DE DESCRIPCIÓN FÍSICA--INFORMACIÓN GENERAL
campo de control de longitud fija t|
008 - DATOS DE LONGITUD FIJA--INFORMACIÓN GENERAL
campo de control de longitud fija 091229s1877 sp |||| | spa d
110 2# - ENTRADA PRINCIPAL--NOMBRE DE ENTIDAD CORPORATIVA
Nombre de entidad corporativa o nombre de jurisdicción como elemento de entrada Real Academia de Ciencias Exactas, Físicas y Naturales de España.
9 (RLIN) 175635
245 10 - MENCIÓN DEL TÍTULO
Título Memorias de la Real Academia de Ciencias
Fechas predominantes 1877.
260 ## - PUBLICACIÓN, DISTRIBUCIÓN, ETC.
Lugar de publicación, distribución, etc. Madrid :
Nombre del editor, distribuidor, etc. [s.n.],
Fecha de publicación, distribución, etc. 1877 (Imp. de la Viuda de Aguado e Hijos)
300 ## - DESCRIPCIÓN FÍSICA
Extensión v. ;
Dimensiones 28 cm.
505 8# - NOTA DE CONTENIDO CON FORMATO
Nota de contenido con formato Contiene: T. VII ;
Título Tratado elemental de la teoría de los números /
Mención de responsabilidad Eulogio Jiménez (674 p.).
650 #4 - PUNTO DE ACCESO ADICIONAL DE MATERIA--TÉRMINO DE MATERIA
Término de materia o nombre geográfico como elemento de entrada Números, Teoría de los.
9 (RLIN) 138233
700 1# - ENTRADA AGREGADA--NOMBRE PERSONAL
Nombre de persona Jiménez, Eulogio.
9 (RLIN) 138236
852 ## - LOCALIZACIÓN
Ubicación ES-MaACL
Número de control de estantería K-222
Holdings
Estatus retirado Estado de pérdida Estado de daño No para préstamo Colección Biblioteca de origen Biblioteca actual Ubicación en estantería Fecha de adquisición Total de préstamos Signatura topográfica completa Código de barras Visto por última vez Precio de reemplazo Tipo de ítem Koha
        Libros del s. XIX Biblioteca del Ateneo de Madrid Biblioteca del Ateneo de Madrid Administración 29/12/2009   K-222 1182250 23/02/2023 23/02/2023 Libro impreso antiguo